Elaboración de un plan de mejora para los departamentos de ventas, cobranza y operaciones de la empresa claro Tv a partir del análisis de las quejas del departamento de atención al cliente

Presenta un plan de mejora para los departamentos de operaciones, ventas y cobranza a partir del análisis de quejas de los clientes, presenta el análisis de tiempos de espera y el planteamiento de puntos de puntos de mejora que agilicen los procesos administrativos

Bibliographic Details
Main Authors: Báez Estrada, Martin Isaac, Zúniga García, Manuel Antonio., Bolaños Salgado, Douglas Ignacio
Other Authors: Tutor: Blandino Rayo, Alejandro Antonio
Format: Tesis Section = Libro
Language:Undetermined
Spanish
Published: Managua UNI 2010
Subjects:
LEADER 01382nam a2200277Ia 4500
008 240830s9999 xx 000 0 und d
040 |a BIBLIOTECA-RUPAP Mon 658.812 B142 
041 |a spa 
082 |a Mon 658.812 B142 
100 1 |a Báez Estrada, Martin Isaac 
100 1 |b Zúniga García, Manuel Antonio. 
100 1 |c Bolaños Salgado, Douglas Ignacio 
245 1 0 |a Elaboración de un plan de mejora para los departamentos de ventas, cobranza y operaciones de la empresa claro Tv a partir del análisis de las quejas del departamento de atención al cliente 
260 |a Managua  |b UNI  |c 2010 
300 |a 101 p. :il. 
500 |a Contiene: anexos e Incluye: CD. 
502 |a Tesis (Ingeniero Industrial)- UNI, 2010. 
520 3 |a Presenta un plan de mejora para los departamentos de operaciones, ventas y cobranza a partir del análisis de quejas de los clientes, presenta el análisis de tiempos de espera y el planteamiento de puntos de puntos de mejora que agilicen los procesos administrativos 
650 7 |a SERVICIOS DE ATENCIÓN AL CLIENTE - EMPRESA CLARO 
650 7 |b DIAGNOSTICO - SERVICIO AL CLIENTE 
650 7 |c PLAN ESTRATEGICO - SERVICIO DE ATENCION AL CLIENTE 
650 7 |d CALIDAD DE SERVICIOS - RELACIONES CON CLIENTES - EMPRESA CLARO 
700 1 |a Tutor:  |b Blandino Rayo, Alejandro Antonio 
942 |c BK  |2 ddc 
991 |a TESIS 
999 |c 17658